Cấu trúc cú pháp - ngữ nghĩa của tục ngữ Việt Theo hướng tiếp cận văn hóa - ngôn ngữ học Quyển 1
Khái quát tình hình nghiên cứu tục ngữ Việt. Tìm hiểu về cấu trúc ngữ nghĩa và hình thái cú pháp tương ứng, các phạm trù ngữ nghĩa trong tục ngữ; giới thiệu một số tục ngữ theo cấu trúc cú pháp - ngữ nghĩa...
Spremljeno u:
| Glavni autor: | |
|---|---|
| Daljnji autori: | |
| Format: | Knjiga |
| Jezik: | Undetermined |
| Izdano: |
H.
Khoa học xã hội
2015
|
| Teme: | |
| Online pristup: | http://lrc.tdmu.edu.vn/opac/search/detail.asp?aID=2&ID=25949 |
| Oznake: |
Dodaj oznaku
Bez oznaka, Budi prvi tko označuje ovaj zapis!
|
| Thư viện lưu trữ: | Trung tâm Học liệu Trường Đại học Thủ Dầu Một |
|---|
| LEADER | 01246nam a2200241Ia 4500 | ||
|---|---|---|---|
| 001 | TDMU_25949 | ||
| 008 | 210410s9999 xx 000 0 und d | ||
| 082 | |a 398.995922 | ||
| 090 | |b NG527 | ||
| 100 | |a Nguyễn, Quý Thành | ||
| 245 | 0 | |a Cấu trúc cú pháp - ngữ nghĩa của tục ngữ Việt | |
| 245 | 0 | |b Theo hướng tiếp cận văn hóa - ngôn ngữ học | |
| 245 | 0 | |c Nguyễn Quý Thành | |
| 245 | 0 | |n Quyển 1 | |
| 260 | |a H. | ||
| 260 | |b Khoa học xã hội | ||
| 260 | |c 2015 | ||
| 300 | |a 342 tr . | ||
| 520 | |a Khái quát tình hình nghiên cứu tục ngữ Việt. Tìm hiểu về cấu trúc ngữ nghĩa và hình thái cú pháp tương ứng, các phạm trù ngữ nghĩa trong tục ngữ; giới thiệu một số tục ngữ theo cấu trúc cú pháp - ngữ nghĩa | ||
| 650 | |a Văn học dân gian |x Tục ngữ |x Nghiên cứu; Nghiên cứu văn học |x Tục ngữ |z Việt Nam | ||
| 700 | |a Hội Văn nghệ dân gian Việt Nam | ||
| 856 | |u http://lrc.tdmu.edu.vn/opac/search/detail.asp?aID=2&ID=25949 | ||
| 980 | |a Trung tâm Học liệu Trường Đại học Thủ Dầu Một | ||